ბათუმის შოთა რუსთაველის სახელმწიფო უნივერსიტეტის ბიბლიოთეკა

სოფლად კერძო საკარმიდამოზე ტურიზმის ბიზნესის ორგანიზება და მართვა : (ბიბ.ჩანაწერი № 57202)

000 -ლიდერი
ფიქსირებული სიგრძის საკონტროლო ველი 01583nam a22002417a 4500
003 - საკონტროლო ნომრის იდენტიფიკატორი
საკონტროლო ველი Ge_BSU
005 - ბოლო ოპერაციის თარიღი და დრო
საკონტროლო ველი 20200115135159.0
008 - ფიქსირებული სიგრძის მონაცემთა ელემენტები - ზოგადი ინფორმაცია
ფიქსირებული სიგრძის საკონტროლო ველი 200115s2019 ||||| |||| 00| 0 geo d
020 ## - წიგნის საერთაშორისო სტანდარტული ნომერი
International Standard Book Number 9789941266140
041 ## - ენის კოდი
Language code of text/sound track or separate title geo
080 ## - უნივერსალური ათობითი კლასიფიკაციის ინდექსი
Universal Decimal Classification number 338+63+796.5 ა-16
100 ## - მთავარი ჩანაწერი - პიროვნების სახელი
Personal name აბესაძე, თეიმურაზ.
9 (RLIN) 6124
245 ## - ცნობა სათაურის შესახებ
Title სოფლად კერძო საკარმიდამოზე ტურიზმის ბიზნესის ორგანიზება და მართვა :
Remainder of title სასწავლო-მეთოდური სახელმძღვანელო /
Statement of responsibility, etc თეიმურაზ აბესაძე ; თანაავტ : სალომე ბესტაევა (თავი 8) ; მაია დიაკონიძე ( თავი10) ; რედ. როსტომ ბერიძე.
264 ## - წარმოების, გამოცემის, დისტრიბუციის და სხვა ცნობები
გამოცემის, წარმოების, დისტრიბუციის... ადგილი თბილისი :
გამოცემის, წარმოების, დისტრიბუციის... სახელწოდება უნივერსალი,
გამოცემის, წარმოების, დისტრიბუციის... თარიღი 2019.
300 ## - ფიზიკური აღწერა
Extent 277 გვ.:
Other physical details ილ.;
Dimensions 21 სმ.
653 ## - INDEX TERM--UNCONTROLLED
Uncontrolled term ტურიზმის ბიზნესის ორგანიზება
653 ## - INDEX TERM--UNCONTROLLED
Uncontrolled term ტურიზმი
700 ## - ADDED ENTRY--PERSONAL NAME
Personal name ბესტაევა,სალომე
9 (RLIN) 6125
700 ## - ADDED ENTRY--PERSONAL NAME
Personal name დიაკონიძე, მაია
9 (RLIN) 6126
700 ## - ADDED ENTRY--PERSONAL NAME
Personal name ბერიძე, როსტომ
Relator term რედაქტორი
9 (RLIN) 1686
710 ## - ADDED ENTRY--CORPORATE NAME
Relator term ბათუმის შოთა რუსთაველის სახელმწიფო უნივერსიტეტი ტურიზმის ფაკულტეტი
9 (RLIN) 6127
942 ## - ADDED ENTRY ELEMENTS (KOHA)
Source of classification or shelving scheme
Koha item type წიგნი
ეგზემპლარები
ჩამოწერის სტატუსი დაკარგული ეგზემპლარის სტატუსი კლასიფიკაციის წყარო ან თაროზე გაწყობის სქემა დაზიანების სტატუსი არ გაიცემა მუდმივი მდებარეობა (დაცვის ადგილი) ამჟამინდელი ადგილსამყოფელი თაროზე განთავსების ადგილი შეძენის თარიღი ღირებულება, შესყიდვის ნორმალური ფასი სრული შენახვის შიფრი შტრიხკოდი ბოლო ოპერაციის თარიღი ეგზემპლარის მიმდევრობითი ნომერი (კეტერი?) ფასის ძალაში შესვლის თარიღი ეგზემპლარის სახეობა საჯარო შენიშვნა
          ბათუმის შოთა რუსთაველის სახელმწიფო უნივერსიტეტის მთავარი ბიბლიოთეკა ბათუმის შოთა რუსთაველის სახელმწიფო უნივერსიტეტის მთავარი ბიბლიოთეკა წიგნსაცავი 2020-01-15 8.00 338+63+796.5 ა-16 60360 2020-01-15 60360 2020-01-15 წიგნი 8.00